Statistics for Computer Components 2

Click here to take the quiz!

General Stats

  • This quiz has been taken 389 times
  • The average score is 5 of 8

Answer Stats

HintAnswer% Correct
Meaning of CPUCentral processing unit
90%
What does RAM stand forRandom access memory
88%
What holds everything on the computerMotherboard
71%
What is used to view the informationMonitor
61%
What stores the dataHard Disk
53%
What controls the temperatureHeatsink
47%
What is used to deliver images to the monitopr from the PCGraphics CARD
40%
What connects the computer to the monitorCables
17%

Score Distribution

Percentile by Number Answered

Percent of People with Each Score

Your Score History

You have not taken this quiz